Stacje i przystanki kolejowe w Kielcach - Statystyki

Ogólne statystyki
  • Ten quiz został rozwiązany 29 razy
  • Średni wynik to 4 z 5
Statystyki odpowiedzi
Rodzaj Nazwa % Poprawnych
Stacja Kielce Główne
96%
Przystanek Kielce Ślichowice
79%
Przystanek Kielce Piaski
67%
Stacja Kielce Białogon
58%
Przystanek Kielce Słowik
50%
Nie znaleziono quizów pasujących do podanych kryteriów
Rozkład punktacji
Procent ludzi z każdym wynikiem
Percentyl według liczby udzielonych odpowiedzi
Twoja historia wyników
Nie rozwiązałeś tego quizu